Score 0/30 Timer 05:00
0 Plays Today
Person % Correct
Barack Obama
97.2%
Lady Gaga
94.4%
Ellen DeGeneres
93.9%
Elton John
93%
Tom Cruise
91.8%
Jim Carrey
88.8%
Bruce Willis
86.8%
John Lennon
85%
Samuel Jackson
84.5%
Simon Cowell
84.4%
Rihanna
83.6%
Jack Nicholson
82.8%
Britney Spears
80.5%
Paris Hilton
80.2%
David Beckham
80.2%
Person % Correct
Justin Timberlake
79.7%
Madonna
74.7%
Daniel Craig
74.2%
Kanye West
72.8%
Neil Patrick Harris
72.7%
Anne Hathaway
69.7%
Natalie Portman
67.3%
Steve Carell
64.4%
Lindsay Lohan
64.1%
Emma Stone
63%
Jessica Alba
59.4%
Adele
56.5%
Scarlett Johansson
52.4%
Kate Hudson
38.7%
Katherine Heigl
35.8%
Remove Ads.
Support Sporcle.
Get the best of Sporcle when you Go Orange. This ad-free experience offers more features, more stats, and more fun while also helping to support Sporcle. Thank you for becoming a member.

You're not logged in!

Compare scores with friends on all Sporcle quizzes.
OR
Log In

Sporcle TV

Today on Sporcle TV


Watch our educational content, quiz creation guides, and fun videos on Sporcle TV.

Show Comments

Extras

Top Quizzes Today


Score Distribution

Paid Content

Your Account Isn't Verified!

In order to create a playlist on Sporcle, you need to verify the email address you used during registration. Go to your Sporcle Settings to finish the process.

Report this User

Report this user for behavior that violates our Community Guidelines.

Details: